| 000 | 00622cam a2200205 4500 | ||
|---|---|---|---|
| 001 | BFIL008648 | ||
| 008 | 1957 spa | ||
| 035 | _a(Sirsi) BFIL008648 | ||
| 050 | 4 |
_aF1231 _bR35 1937 |
|
| 100 | 1 | _aRamirez, Jose Fernando | |
| 245 | 0 |
_aFray Toribio de Motolinia y otros estudios / _cJose Fernando Ramirez ; ed., prol. y notas de Antonio Castro Leal. |
|
| 250 | _a2 | ||
| 260 |
_aMéxico : _bPorrua, _c1957 |
||
| 300 |
_a313 p. ; _c19 cm. |
||
| 440 | 0 | _aEscritores Mexicanos ; 4 | |
| 500 | _a1 ejem. | ||
| 504 | _aIncluye indice | ||
| 700 | 1 |
_aCastro Leal, Antonio, _eed. |
|
| 942 |
_2lcc _cLIB |
||
| 999 |
_c92273 _d92273 |
||